El vampiro del ropero

Saved in:
Bibliografiske detaljer
Hovedforfatter: Rendón Ortiz, Gilberto (Author)
Format: Bog
Sprog:spansk
Udgivet: Ciudad de México Progreso 2008
Udgivelse:1a. ed
Serier:Piel de Gallina
Fag:
Tags: Tilføj Tag
Ingen Tags, Vær først til at tagge denne postø!

MARC

LEADER 00000cam a2200000 a 4500
001 UCD2083
003 CL-VaPUC
008 160414e20080000mx |||||||||||||||||spa|d
020 |a 9789684369528 
082 0 4 |a Me863  |b REN  |2 21 
100 0 |a Rendón Ortiz, Gilberto  |e author  |9 585334 
245 1 3 |a El vampiro del ropero 
250 |a 1a. ed 
300 |a 140 p 
942 |c BK 
945 |d 20160414 22:19:00  |a cmena 
260 |a Ciudad de México  |b Progreso  |c 2008 
650 0 |a Literatura mexicana  |9 313097 
650 0 |a Literatura juvenil   |9 309909 
650 0 |a Novelas mexicanas  |9 317570 
583 |a last modification  |c 20160414 22:19:00  |k Rodrigo Vera 
490 0 |a Piel de Gallina 
999 |c 363279  |d 363277